Rotterdam - Choix multiples - Statistiques

Statistiques générales
  • Ce quiz a été pris 78 fois
  • Le résultat moyen est 6 sur 10
Statistiques - réponses
Question Réponse % Correct
Laquelle de ces photos représente la ville de Rotterdam ?
73%
Lequel de ces clubs de foot est situé à Rotterdam ? Feyenoord
72%
Quel est le surnom donné au port de Rotterdam ? La porte de l’Europe
63%
En 2021, quel évènement majeur a eu lieu à Rotterdam? L'Eurovision
60%
Quelle forme géométrique caractérise les célèbres maisons jaunes de Rotterdam ? Cubique
57%
Comment s'appelle le pont emblématique de Rotterdam ? Pont Érasme
57%
À quelle province appartient Rotterdam ? Hollande-Méridionale
55%
Comment s’appelle le grand marché couvert de Rotterdam, célèbre pour sa fresque colorée ? Markthal
49%
Quel fleuve traverse Rotterdam ? Meuse
46%
Rotterdam accueille chaque année un festival célébrant quel genre musical ? Jazz
27%
Aucun quiz correspondant
Distribution des résultats
% des personnes avec chaque résultat
Percentile par nombre de réponses
Votre historique - résultats
Vous n’avez pas pris ce quiz